000 00576nam a2200157 i 4500
001 115762
003 ES-MaACL
005 20230906190543.0
007 t|
008 070511s1968 sp ||||1| spa d
110 2 _aUniversidad de Navarra.
_bInstituto de Estudios Superiores de la Empresa.
_97255
245 1 0 _aAño académico 1969-19170
_b: Programa Master en Economía y Dirección de Empresas /
_c[1968].
260 _aBarcelona :
_bInstituto de Estudios Superiores de la Empresa,
_c[1968]
300 _a36 p. :
_bil. ;
_c23 cm.
852 _aES-MaACL
_j2067-F-3
_bR.68306
999 _c115762
_d115762